读西游·论危机管理 (Record no. 68771)

000 -LEADER
fixed length control field 00484nam a22001937a 4500
003 - CONTROL NUMBER IDENTIFIER
control field MPLRDC
005 - DATE AND TIME OF LATEST TRANSACTION
control field 20220105061110.0
008 - FIXED-LENGTH DATA ELEMENTS--GENERAL INFORMATION
fixed length control field 210129b ||||| |||| 00| 0 eng d
020 ## - INTERNATIONAL STANDARD BOOK NUMBER
International Standard Book Number 978-962-07-6363-2
082 ## - DEWEY DECIMAL CLASSIFICATION NUMBER
Classification number 494.2 ZJX-3
100 ## - MAIN ENTRY--PERSONAL NAME
Personal name 张建雄
245 ## - TITLE STATEMENT
Title 读西游·论危机管理
Statement of responsibility, etc.
250 ## - EDITION STATEMENT
Edition statement 初版一刷
260 ## - PUBLICATION, DISTRIBUTION, ETC.
Place of publication, distribution, etc. 香港
Name of publisher, distributor, etc. 商务印书馆
Date of publication, distribution, etc. 2006
300 ## - PHYSICAL DESCRIPTION
Other physical details
520 ## - SUMMARY, ETC.
Summary, etc. 上架 2017-06-01。
650 ## - SUBJECT ADDED ENTRY--TOPICAL TERM
Topical term or geographic name entry element 管理组织
942 ## - ADDED ENTRY ELEMENTS (KOHA)
Koha item type Book
-- 494.2 ZJX-3

No items available.

© 2022. Malaysian Public Library, Research and Development Centre. All Right ReservedE-mailmplrdc@help.edu.my 

Powered by Koha